书目信息 |
| 题名: |
非金属矿加工技术与设备
|
|
| 作者: | 徐立铨 主编 | |
| 分册: | ||
| 出版信息: | 北京 中国建材工业出版社 1998.06 |
|
| 页数: | 504页 | |
| 开本: | 32开 | |
| 丛书名: | ||
| 单 册: | ||
| 中图分类: | TD97 | |
| 科图分类: | ||
| 主题词: | 非金属矿物--选矿 | |
| 电子资源: | ||
| ISBN: | 7-80090-725-2 | |
| 000 | 00589nam0 2200193 45 | |
| 001 | 0007180073 | |
| 005 | 20000718005745.3 | |
| 010 | @a7-80090-725-2@d48.00元 | |
| 100 | @a20000718d1998 km y0chiy0120 ea | |
| 101 | 0 | @achi |
| 105 | @a z 000yy | |
| 200 | 1 | @a非金属矿加工技术与设备@AFei Jin Shu Kuang Jia Gong Ji Shu Yu She Bei@f徐立铨等主编@FXu Li Quan Deng Zhu Bian |
| 210 | @a北京@c中国建材工业出版社@d1998.06 | |
| 215 | @a504页@d32开 | |
| 606 | 0 | @a非金属矿物@x选矿 |
| 690 | @aTD97@v3 | |
| 701 | 0 | @a徐立铨@4主编 |
| 801 | @aCN@bPftUser@c20000718 | |
| 905 | @b74587-588@dTD97@eZH461@f2 | |
| 非金属矿加工技术与设备/徐立铨等主编.-北京:中国建材工业出版社,1998.06 |
| 504页;32开 |
| ISBN 7-80090-725-2:48.00元 |
| ● |
| 相关链接 |
|
|
|
正题名:非金属矿加工技术与设备
索取号:TD97/ZH461
 
预约/预借
| 序号 | 登录号 | 条形码 | 馆藏地/架位号 | 状态 | 备注 |
| 1 | 74587 | 200745872 | 自科库501/501自科库 22排1列4层/ [索取号:TD97/ZH461] | 在馆 | |
| 2 | 74588 | 200745881 | 自科库501/501自科库 22排1列4层/ [索取号:TD97/ZH461] | 在馆 |